Выемка междузонных целиков. Из практики Прокопьевского рудника; За уголь Востока; № 9

Dettagli Bibliografici
Parent link:За уголь Востока
№ 9.— 1931.— С. 7-11
Autore principale: Стрельников Д. А. Дмитрий Александрович
Riassunto:В фонде НТБ ТПУ отсутствует
Lingua:russo
Pubblicazione: 1931
Soggetti:
Natura: MixedMaterials Capitolo di libro
KOHA link:https://koha.lib.tpu.ru/cgi-bin/koha/opac-detail.pl?biblionumber=593257

MARC

LEADER 00000naa0a2200000 4500
001 593257
005 20250129164541.0
035 |a (RuTPU)RU\TPU\tpu\6353 
035 |a TPU00006356 
090 |a 593257 
100 |a 20011210d1931 k |0rusy50 ca 
101 0 |a rus 
102 |a RU 
200 1 |a Выемка междузонных целиков. Из практики Прокопьевского рудника  |f Д. А. Стрельников 
333 |a В фонде НТБ ТПУ отсутствует 
461 |t За уголь Востока 
463 |t № 9  |v С. 7-11  |d 1931 
610 1 |a горное дело 
610 1 |a труды учёных ТПУ 
700 1 |a Стрельников  |b Д. А.  |c российский горный инженер  |c профессор Томского политехнического института  |f 1881-1964  |g Дмитрий Александрович  |3 (RuTPU)RU\TPU\pers\1440 
801 0 |a RU  |b 63413507  |c 20011210  |g PSBO 
801 2 |a RU  |b 63413507  |c 20111209  |g PSBO 
942 |c CR